Ženská delikvence : teoreticko-empirická studie k problému právních postojů a hodnotových orientací delikventních žen /

Hlavní autor: Urbanová, Martina, 1962-
Další autoři: Večeřa, Miloš, 1949-
Jazyk: Čeština
Vydáno: Brno : Masarykova univerzita, 2004
Vydání: 1. vyd.
Edice: Spisy Právnické fakulty Masarykovy univerzity v Brně. Řada teoretická ; sv. 283
Témata:
Fyzický popis: 247 s. : il. ; 21 cm
Knihy
Uloženo v:
LEADER 02026nam a2200517 a 4500
001 000777089
003 CZ BrMZK
005 20200319132153.0
007 ta
008 050602s2004 xr a fr 000 0 cze d
015 |a cnb001530804 
020 |a 80-210-3608-7  |q (brož.) 
035 |a (OCoLC)85142179 
040 |a BOA001  |b cze 
043 |a e-xr--- 
072 7 |a 343.97  |x Kriminologie  |2 Konspekt  |9 18 
080 |a 343.91-055.2  |2 MRF 
080 |a 304  |2 MRF 
080 |a 343.22-055.2  |2 MRF 
080 |a 343.8-055.2  |2 MRF 
080 |a 316.752  |2 MRF 
080 |a 165.12:34  |2 MRF 
080 |a 303  |2 MRF 
080 |a (437.3)  |2 MRF 
080 |a (062.534)  |2 MRF 
100 1 |a Urbanová, Martina,  |d 1962-  |7 mzk2003217628  |4 aut 
245 1 0 |a Ženská delikvence :  |b teoreticko-empirická studie k problému právních postojů a hodnotových orientací delikventních žen /  |c Martina Urbanová, Miloš Večeřa a kolektiv 
250 |a 1. vyd. 
260 |a Brno :  |b Masarykova univerzita,  |c 2004 
300 |a 247 s. :  |b il. ;  |c 21 cm 
490 1 |a Spisy Právnické fakulty Masarykovy univerzity v Brně. Řada teoretická ;  |v sv. 283 
504 |a Obsahuje bibliografické odkazy 
650 0 7 |a ženská kriminalita  |7 ph303421  |x sociální aspekty  |2 czenas 
650 0 7 |a pachatelky trestných činů  |7 ph117235  |2 czenas 
650 0 7 |a vězeňkyně  |7 ph151881  |2 czenas 
650 0 7 |a hodnotová orientace  |7 ph117202  |2 czenas 
650 0 7 |a právní vědomí  |7 ph124720  |2 czenas 
650 0 7 |a sociální výzkum  |7 ph210144  |z Česko  |2 czenas 
655 7 |a studie  |7 fd133597  |2 czenas 
700 1 |a Večeřa, Miloš,  |d 1949-  |7 skuk0005719  |4 aut 
810 2 |a Masarykova univerzita.  |b Právnická fakulta.  |t Spisy.  |p Řada teoretická  |0 s 
910 |a BOA001  |b 2-1152.872 
990 |a BK 
991 |b 200507  |c NOV 
996 6 |b 2610253230  |c 2-1152.872  |l MZK  |r Sklad / do 1 hodiny  |n 12  |p p.v.  |w 000777089  |u 000010  |a 1  |e BOA001  |j MZK50  |s P 
996 7 |b 2610253231  |c 2-1152.872  |l Vol.výběr  |r VV 0p  |n 55  |p p.v.  |h 343.9 URB  |w 000777089  |u 000020  |a 0  |e BOA001  |j MZK50  |s A